Подвижность химических элементов в системе вода-донные отложения; Известия Томского политехнического университета [Известия ТПУ]; Т. 323, № 1 : Науки о Земле

Detalles Bibliográficos
Parent link:Известия Томского политехнического университета [Известия ТПУ]/ Томский политехнический университет (ТПУ).— , 2000-
Т. 323, № 1 : Науки о Земле.— 2013.— [С. 45-51]
Autor principal: Гусева Н. В. Наталья Владимировна
Otros Autores: Копылова Ю. Г. Юлия Григорьевна, Солдатова Е. А. Евгения Александровна
Sumario:Заглавие с титульного листа
Электронная версия печатной публикации
Рассмотрен химический состав вод и донных отложений на территории Томь-Яйского междуречья. На основе анализа равновесия вод с горными породами выделены геохимические типы вод. Проанализированы особенности поведения химических элементов в водах и донных отложениях геохимических типов.
Lenguaje:ruso
Publicado: 2013
Colección:Геохимия
Materias:
Acceso en línea:http://earchive.tpu.ru/bitstream/11683/4891/1/bulletin_tpu-2013-323-1-08.pdf
Formato: MixedMaterials Electrónico Capítulo de libro
KOHA link:https://koha.lib.tpu.ru/cgi-bin/koha/opac-detail.pl?biblionumber=242925

MARC

LEADER 00000nla2a2200000 4500
001 242925
005 20250428133926.0
035 |a (RuTPU)RU\TPU\book\264247 
035 |a RU\TPU\book\264245 
090 |a 242925 
100 |a 20130912d2013 k y0rusy50 ca 
101 0 |a rus 
102 |a RU 
135 |a drnn ---uucaa 
181 0 |a i  
182 0 |a b 
200 1 |a Подвижность химических элементов в системе вода-донные отложения  |f Н. В. Гусева, Ю. Г. Копылова, Е. А. Солдатова 
203 |a Текст  |c электронный 
215 |a 1 файл (4.9 Мб) 
225 1 |a Геохимия 
300 |a Заглавие с титульного листа 
300 |a Электронная версия печатной публикации 
320 |a [Библиогр.: с. 50-51 (12 назв.)] 
330 |a Рассмотрен химический состав вод и донных отложений на территории Томь-Яйского междуречья. На основе анализа равновесия вод с горными породами выделены геохимические типы вод. Проанализированы особенности поведения химических элементов в водах и донных отложениях геохимических типов. 
337 |a Adobe Reader 
461 1 |0 (RuTPU)RU\TPU\book\176237  |t Известия Томского политехнического университета [Известия ТПУ]  |f Томский политехнический университет (ТПУ)  |d 2000- 
463 1 |0 (RuTPU)RU\TPU\book\264203  |x 1684-8519  |t Т. 323, № 1 : Науки о Земле  |v [С. 45-51]  |d 2013 
610 1 |a вода 
610 1 |a геохимические типы 
610 1 |a донные отложения 
610 1 |a химический состав 
610 1 |a химические элементы 
610 1 |a подвижность 
610 1 |a система "вода - порода" 
610 1 |a Томь-Яйское междуречье 
610 1 |a труды учёных ТПУ 
610 1 |a электронный ресурс 
700 1 |a Гусева  |b Н. В.  |c гидрогеолог  |c профессор Томского политехнического университета, доктор геолого-минералогических наук  |f 1984-  |g Наталья Владимировна  |3 (RuTPU)RU\TPU\pers\27100  |9 12650 
701 1 |a Копылова  |b Ю. Г.  |c российский гидрогеолог  |c доцент Томского политехнического университета, кандидат геолого-минералогических наук  |c директор учебно-научно-производственного центра «Вода»  |f 1941-  |g Юлия Григорьевна  |3 (RuTPU)RU\TPU\pers\26086 
701 1 |a Солдатова  |b Е. А.  |c гидрогеолог  |c инженер-исследователь Томского политехнического университета  |f 1989-  |g Евгения Александровна  |3 (RuTPU)RU\TPU\pers\32042 
801 1 |a RU  |b 63413507  |c 20090623  |g PSBO 
801 2 |a RU  |b 63413507  |c 20190517  |g PSBO 
850 |a 63413507 
856 4 |u http://earchive.tpu.ru/bitstream/11683/4891/1/bulletin_tpu-2013-323-1-08.pdf 
942 |c CF